Dilasa : Old Age Homes At Ptahardi Nashik (Record no. 360934)

MARC details
000 -LEADER
fixed length control field 00277nam a2200097Ia 4500
008 - FIXED-LENGTH DATA ELEMENTS--GENERAL INFORMATION
fixed length control field 241105s9999 xx 000 0 und d
041 ## - LANGUAGE CODE
Language code of text/sound track or separate title eng
100 ## - MAIN ENTRY--PERSONAL NAME
Personal name Shedge Shraddha
9 (RLIN) 182643
245 ## - TITLE STATEMENT
Title Dilasa : Old Age Homes At Ptahardi Nashik
260 ## - PUBLICATION, DISTRIBUTION, ETC. (IMPRINT)
Name of publisher, distributor, etc. Final Year B.Arch ID, Pune
Date of publication, distribution, etc. 2014

No items available.